000 00487nam a22001697a 4500
003 CEME
005 20210628203117.0
008 210127b xxu||||| |||| 00| 0 eng d
020 _a81-203-0529-9
040 _c.
082 _a004.65 MAR
100 _aMartin, James
_9786
245 _aComputer networks and distributed processing ;software, techniques, and architecture
260 _aNEW DELHI
_bPRENTICE HALL OF INDIA
_c2003
650 _aCOMPUTER NETWORKS
_93677
942 _cBK
_2ddc
999 _c572219
_d572219